| 000 | 01435nam a2200373 a 4500 | ||
|---|---|---|---|
| 001 | ebr10225349 | ||
| 003 | CaPaEBR | ||
| 006 | m u | ||
| 007 | cr cn||||||||| | ||
| 008 | 070813s2008 njua sb 001 0 eng | ||
| 010 | _z 2007033463 | ||
| 015 |
_aGBA806214 _2bnb |
||
| 016 | 7 |
_z014493143 _2Uk |
|
| 020 | _z9780470141113 (cloth) | ||
| 020 | _z0470141115 (cloth) | ||
| 040 |
_aCaPaEBR _cCaPaEBR |
||
| 035 | _a(OCoLC)245523819 | ||
| 050 | 1 | 4 |
_aHD30.37 _b.B45 2008eb |
| 082 | 0 | 4 |
_a004.068 _222 |
| 100 | 1 |
_aBell, Michael, _d1951- |
|
| 245 | 1 | 0 |
_aService-oriented modeling _h[electronic resource] : _bservice analysis, design, and architecture / _cMichael Bell. |
| 260 |
_aHoboken, N.J. : _bJohn Wiley & Sons, _cc2008. |
||
| 300 |
_axvii, 366 p. : _bill. |
||
| 504 | _aIncludes bibliographical references and index. | ||
| 533 |
_aElectronic reproduction. _bPalo Alto, Calif. : _cebrary, _d2013. _nAvailable via World Wide Web. _nAccess may be limited to ebrary affiliated libraries. |
||
| 650 | 0 |
_aBusiness enterprises _xComputer networks _xManagement. |
|
| 650 | 0 | _aSystem design. | |
| 650 | 0 |
_aComputer software _xDevelopment. |
|
| 650 | 0 | _aComputer simulation. | |
| 650 | 0 | _aComputer network architectures. | |
| 655 | 7 |
_aElectronic books. _2local |
|
| 710 | 2 | _aebrary, Inc. | |
| 856 | 4 | 0 |
_uhttp://site.ebrary.com/lib/rucke/Doc?id=10225349 _zAn electronic book accessible through the World Wide Web; click to view |
| 999 |
_c41085 _d41085 |
||